Obscure Countries by Continent - Statistics

General Stats
  • This quiz has been taken 97 times
  • The average score is 21 of 25
Answer Stats
Hint Extra Hint Answer % Correct
Montenegro 47% guessed Europe
90%
Tuvalu 29% guessed Oceania
90%
Cape Verde 32% guessed Africa
89%
Bahrain 37% guessed Asia
89%
Saint Vincent and the Grenadines 27% guessed North America
89%
Vanuatu 28% guessed Oceania
89%
Guinea-Bissau 30% guessed Africa
88%
Equatorial Guinea 32% guessed Africa
88%
Burkina Faso 32% guessed Africa
88%
San Marino 40% guessed Europe
88%
Marshall Islands 29% guessed Oceania
88%
Suriname 44% guessed South America
88%
Kosovo 46% guessed Europe
86%
Nauru 26% guessed Oceania
86%
Kiribati 27% guessed Oceania
86%
Grenada 27% guessed North America
85%
Antigua and Barbuda 30% guessed North America
85%
Palau 27% guessed Oceania
85%
São Tomé and Principe 25% guessed Africa
83%
Saint Kitts and Nevis 30% guessed North America
82%
Guyana 46% guessed South America
82%
East Timor 31% guessed Asia
81%
Brunei 32% guessed Asia
81%
Comoros 26% guessed Africa
78%
Maldives 40% guessed Asia
78%
No matching quizzes found
Score Distribution
Percent of People with Each Score
Percentile by Number Answered
Your Score History
You have not taken this quiz